000
00492nam a2200181Ia 4500
008
100917s9999 xx 000 0 und d
082
_b
61733
100
_a
बोल्ली लक्ष्मीनारायण
245
_a
झुंबर
260
_b
वैजयंती चव्हाण
_c
1982
300
_a
56
365
_b
8
520
_a
कविता
630
_a
झुंबर
650
_a
कविता
730
_a
झुंबर
942
_c
BOOK
999
_c
667127
_d
667124